[Event "FIDE Womens GP Lausanne 2020"]
[Site "Lausanne"]
[Date "2020.03.11"]
[Round "9.1"]
[White "Harika, Dronavalli"]
[Black "Kashlinskaya, Alina"]
[Result "1/2-1/2"]
[WhiteElo "2518"]
[BlackElo "2484"]
[Annotator "TA"]
[PlyCount "62"]
[EventDate "2020.03.02"]
[EventType "tourn"]
[EventCountry "SUI"]
[SourceTitle "playchess.com"]
[Source "ChessBase"]
[SourceQuality "1"]

{[%evp 13,62,0,17,12,26,26,26,4,6,-8,3,-9,-9,-15,0,-17,0,-18,-13,-21,-20,-33,-18,-14,-17,-18,-20,-20,-18,-21,-14,-26,-13,-7,-14,-12,-3,-11,-6,-8,0,-16,0,-10,-1,-10,0,0,0,0,0]} 1. e4 e6 2. d4 d5 3. Nc3 Bb4 4. exd5 exd5 5. Bd3 Nf6 6. Nge2 O-O 7. O-O Bg4 8. f3 {C01: French: Exchange Variation.} Bh5 9. a3 Be7 10. Ng3 {White has an edge.} Bg6 {[#]} 11. Nce2 $146 ({Predecessor:} 11. Nf5 Bxf5 12. Bxf5 c6 13. Ne2 Qc7 14. Qd3 Nbd7 15. Bg5 Bd6 16. Kh1 Rfe8 17. Rae1 {½-½ (39) Kovalevskaya,E (2488)-Kononenko,T (2361) Warsaw 2001}) 11... Nbd7 12. Bf4 Re8 13. Qd2 Bf8 14. Rfe1 c6 15. Kh1 Bxd3 16. Qxd3 g6 17. c3 Qb6 18. Qc2 Re6 19. Bd2 Rae8 20. Nf4 Rxe1+ 21. Rxe1 Qd8 22. Nd3 Bd6 23. Qd1 {The position is equal.} Rxe1+ 24. Qxe1 Qe8 25. Kg1 Qxe1+ 26. Bxe1 Kf8 27. Kf1 Ke7 28. Ke2 Ne8 29. Nf1 Nef6 30. Bh4 Ke6 31. Bg3 Bxg3 {A rather calm draw. Accuracy: White = 100%, Black = 100%.} 1/2-1/2

[Event "FIDE Womens GP Lausanne 2020"]
[Site "Lausanne"]
[Date "2020.03.11"]
[Round "9.2"]
[White "Muzychuk, Anna"]
[Black "Stefanova, Antoaneta"]
[Result "1/2-1/2"]
[WhiteElo "2539"]
[BlackElo "2469"]
[Annotator "TA"]
[PlyCount "61"]
[EventDate "2020.03.02"]
[EventType "tourn"]
[EventCountry "SUI"]
[SourceTitle "playchess.com"]
[Source "ChessBase"]
[SourceQuality "1"]

{[%evp 9,61,26,29,17,31,23,45,48,54,43,50,48,45,48,43,20,6,2,13,13,35,-39,-35,-46,0,0,0,-22,-17,-26,-6,-13,-21,-48,-48,-43,-31,-45,-44,-37,-37,-37,-37,-37,-37,-37,-37,-41,0,0,0,0,0,-8]} 1. e4 e5 2. Nf3 Nc6 3. Bb5 a6 4. Ba4 g6 5. d4 b5 (5... exd4 6. Nxd4 Bg7 7. Nxc6 dxc6 8. Qxd8+ Kxd8 9. Nc3 Be6 10. Bb3 Bxb3 11. axb3 Ne7 12. Bf4 c5 13. Bg5 f6 14. O-O-O+ {1-0 (49) Muzychuk,A (2543)-Stefanova,A (2481) Monaco 2019}) 6. Bb3 {C70: Ruy Lopez: 3...a6 4 Ba4, Norwegian and Delayed Schliemann.} exd4 7. a4 {[#] axb5 is the strong threat.} Bb7 $146 ({Predecessor:} 7... bxa4 8. Rxa4 Bg7 9. Nxd4 Nxd4 10. Rxd4 Ne7 11. Bg5 O-O 12. Rd2 h6 13. Be3 d6 {½-½ (68) Ivanchuk,V (2748)-Ponomariov,R (2737) Nice 2010}) 8. axb5 {White is slightly better.} axb5 9. Rxa8 Bxa8 10. c3 Bg7 11. cxd4 Na5 12. Bc2 Nf6 13. O-O O-O 14. Re1 Re8 {[%cal Rf6e4]} 15. d5 ({White should try} 15. e5 $14 Nd5 16. Bd3) 15... c6 $15 16. dxc6 Nxc6 {[%cal Ba5c6,Bc6d4,Bd4e2][%mdl 32]} 17. Nc3 b4 18. Na4 d5 19. exd5 Rxe1+ 20. Nxe1 Nxd5 21. Be4 Nd4 22. Nc5 Qe7 23. Ned3 f5 24. Bxd5+ Bxd5 25. Be3 {[#]} f4 $1 {[%mdl 512]} 26. Bxf4 (26. Nxf4 Qxc5) 26... Ne2+ 27. Kh1 Nxf4 28. Nxf4 Bxg2+ 29. Kxg2 {The position is equal.} Qxc5 30. Qd8+ Bf8 31. Nd5 {Accuracy: White = 87%, Black = 91%.} 1/2-1/2

[Event "FIDE Womens GP Lausanne 2020"]
[Site "Lausanne"]
[Date "2020.03.11"]
[Round "9.3"]
[White "Muzychuk, Mariya"]
[Black "Abdumalik, Zhansaya"]
[Result "1/2-1/2"]
[WhiteElo "2552"]
[BlackElo "2471"]
[Annotator "TA"]
[PlyCount "80"]
[EventDate "2020.03.02"]
[EventType "tourn"]
[EventCountry "SUI"]
[SourceTitle "playchess.com"]
[Source "ChessBase"]
[SourceQuality "1"]

{[%evp 23,80,22,40,22,51,35,57,56,88,87,97,87,109,117,154,163,150,150,149,100,125,121,108,14,22,0,0,0,0,-8,0,0,0,0,25,21,25,0,0,0,0,0,16,16,14,0,0,0,9,0,0,0,0,-6,-7,-5,0,-11,-14]} 1. d4 Nf6 2. c4 g6 3. Nc3 d5 4. cxd5 Nxd5 5. e4 Nxc3 6. bxc3 Bg7 7. Bc4 c5 8. Ne2 O-O 9. O-O Nc6 10. Be3 Bg4 11. f3 Bd7 $1 {[%mdl 4] is currently scoring better than 11...Na5.} 12. Rb1 Qc7 13. Bd3 {[#] D87: Exchange Grünfeld: Classical Line: Variations without ...cxd4.} Rab8 $146 ({Predecessor:} 13... Rfd8 14. Qd2 a6 15. f4 e6 16. dxc5 Na5 17. Nd4 e5 18. fxe5 Qxe5 19. Qb2 Rac8 20. Qb4 Qxc5 21. Qxc5 Rxc5 {0-1 (48) Nakamura,H (2758)-Svidler,P (2755) Moscow 2011}) 14. Qd2 Rfd8 15. f4 {White is slightly better.} Bg4 {[%cal Rc5d4]} 16. d5 c4 17. Bxc4 Na5 18. Bd3 Nc4 19. Bxc4 $1 Qxc4 20. Nd4 Bd7 21. Rb4 Qc7 22. Rfb1 b6 23. Qd3 (23. e5 $16) 23... Rbc8 $11 24. c4 e5 25. Nf3 exf4 26. d6 Qc6 27. Bxf4 Be6 28. Qe3 Qc5 29. Qxc5 Rxc5 30. Rc1 Bf8 {The position is equal.} 31. e5 {Black must now prevent Ng5.} f6 $1 32. Nd4 Bc8 33. Nb3 Rc6 $1 34. Nd4 Rc5 35. Nb3 $36 {[%mdl 2048] White is pushing.} Rc6 $1 36. c5 {[#] Strongly threatening e6!} (36. Ra4 {feels hotter.} fxe5 37. Bxe5 Re8 38. Bg3 Bxd6 39. Rxa7 Bxg3 40. hxg3 Be6 41. c5) 36... fxe5 37. Bxe5 bxc5 38. Rb8 Bxd6 39. Bxd6 Rcxd6 40. Nxc5 Bf5 {Accuracy: White = 88%, Black = 84%.} 1/2-1/2

[Event "FIDE Womens GP Lausanne 2020"]
[Site "Lausanne"]
[Date "2020.03.11"]
[Round "9.4"]
[White "Cramling, Pia"]
[Black "Kosteniuk, Alexandra"]
[Result "0-1"]
[WhiteElo "2470"]
[BlackElo "2504"]
[Annotator "TA"]
[PlyCount "182"]
[EventDate "2020.03.02"]
[EventType "tourn"]
[EventCountry "SUI"]
[SourceTitle "playchess.com"]
[Source "ChessBase"]
[SourceQuality "1"]

{[%evp 10,182,28,0,0,0,0,0,58,37,49,50,55,52,86,86,77,69,71,58,70,72,118,100,102,30,15,12,33,24,18,-6,26,0,0,-31,-10,-21,-10,0,10,2,0,0,0,-2,-2,-2,-2,-2,-2,-6,-4,-3,0,-9,0,0,0,0,0,0,0,0,0,0,0,0,0,0,0,0,0,0,0,-4,0,-7,0,-7,0,-6,0,0,0,0,0,0,0,0,0,0,0,0,0,0,0,0,0,0,0,0,0,0,0,0,0,0,0,0,0,0,0,0,0,0,0,0,0,0,0,0,0,0,0,0,0,0,0,-11,0,-143,-15,-16,0,0,0,0,0,-43,-46,-43,-45,-46,-51,-180,-183,-171,-156,-258,-167,-160,0,0,0,0,0,0,0,0,0,0,0,0,0,-3,0,0,0,-38,0,0,0,-12847,-12847]} 1. d4 Nf6 2. Nf3 d5 3. c4 e6 4. g3 dxc4 5. Bg2 a6 6. Ne5 Bb4+ {E04: Open Catalan: 5 Nf3.} 7. Nc3 Nd5 8. Bd2 O-O (8... Nb6 $11) 9. Nxc4 $14 Nc6 {[#]} 10. e3 $146 ({Predecessor:} 10. O-O Nxd4 11. Nxd5 Bxd2 12. Qxd2 exd5 13. Qxd4 dxc4 14. Qxc4 Qe7 15. Qe4 Qf6 16. Qb4 {½-½ (73) Stremavicius,P (2082)-Viskelis,D (2242) Lithuania 2019}) 10... Be7 11. O-O Bd7 12. Qe2 Be8 13. Rfd1 f5 14. Rac1 Rc8 15. Be1 Bf6 16. Nxd5 exd5 {[#]} 17. Na5 (17. Ne5 $1 $16 {[%mdl 512]}) 17... Nxa5 $11 18. Bxa5 Qd7 19. Bb4 Rf7 20. Rc3 Qe6 21. Qc2 (21. Qf3 $5 {[%cal Rf3d5]} c6 22. Bc5 $11) 21... c6 22. a4 Bd8 23. f3 Bd7 24. e4 fxe4 25. fxe4 dxe4 26. Bxe4 Qh6 27. Rf3 Rxf3 28. Bxf3 Qe3+ 29. Qf2 $132 {[%mdl 2048] White puts up resistance} Qxf2+ 30. Kxf2 Bf6 31. Bc5 Be6 32. b4 Bb3 33. Ra1 Rd8 34. Ra3 Bc4 35. Ke3 Bg5+ 36. Kf2 $1 Rd7 37. Rc3 Be6 38. h4 Bf6 39. Ke3 g5 40. hxg5 Bxg5+ 41. Kf2 Kg7 42. Bd1 Bf6 43. Ke3 Kg6 44. Bb3 Bg4 45. Bc2+ Kh5 46. Be4 Bg5+ 47. Kf2 Bd8 48. a5 Bg5 49. Kg2 Bf6 50. Rd3 Be6 51. Kf3 Kg5 52. Rd2 Bd5 53. Re2 Bb3 54. Rd2 {White wants to play d5!} Bd8 55. Rh2 h5 56. Ke3 Bc7 57. Bf3 Rh7 58. Be4 Rh8 59. Kf2 Re8 60. Bf3 Bf7 61. Rh1 Bb8 62. d5 cxd5 63. Rd1 Be5 64. Bxd5 Bxd5 65. Rxd5 {[%mdl 4096] Endgame KRB-KRB} Kg4 66. Kg2 Bc3 ({But not} 66... Bxg3 $2 67. Rd4+ Bf4 68. Bd6 $18) 67. Rd3 Re2+ 68. Kf1 Rc2 69. Bd6 Bd2 70. Rb3 {[#]} (70. Rd5 $11) 70... Bc3 ({Better is} 70... Rc3 $1 $17 {[%cal Rc3b3]} 71. Rxc3 Bxc3) 71. b5 Bxa5 72. bxa6 bxa6 {[%cal Bb7a6,Ba6a5][%mdl 32]} 73. Ra3 Rc6 74. Ra4+ Kf3 {[%cal Rc6c1]} 75. Bf4 $1 Bc3 76. Ra3 Ke4 77. Ke2 (77. Ra4+ $1 $15 Kd3 78. Bg5) 77... a5 $19 78. Ra2 h4 {aiming for ...h3.} 79. Kf1 (79. Kf2 $17) 79... Bb4 80. Kg2 Rc3 $2 ({Black should try} 80... hxg3 $17 81. Bxg3 Kd5) 81. Re2+ $11 Kd3 82. Rd2+ Kc4 {...Rxg3+! is the strong threat.} 83. gxh4 Kb3 84. Re2 a4 {Strongly threatening ...Rc2.} 85. h5 a3 86. Be5 Rc6 {White must now prevent ...a2.} 87. Kf3 a2 {Hoping for ...Re6.} 88. Rb2+ Ka3 89. Rh2 Rc5 90. Bb2+ Kb3 91. Kg4 $2 {[%mdl 8192]} (91. Bg7 $11) 91... Rc2 {Accuracy: White = 83%, Black = 86%.} 0-1

[Event "FIDE Womens GP Lausanne 2020"]
[Site "Lausanne"]
[Date "2020.03.11"]
[Round "9.5"]
[White "Sebag, Marie"]
[Black "Goryachkina, Aleksandra"]
[Result "1/2-1/2"]
[WhiteElo "2443"]
[BlackElo "2579"]
[Annotator "TA"]
[PlyCount "31"]
[EventDate "2020.03.02"]
[EventType "tourn"]
[EventCountry "SUI"]
[SourceTitle "playchess.com"]
[Source "ChessBase"]
[SourceQuality "1"]

{[%evp 27,30,0,0,0,0]} 1. e4 e5 2. Nf3 Nc6 3. Bb5 Nf6 4. O-O Nxe4 5. d4 Nd6 6. dxe5 Nxb5 7. a4 Nbd4 8. Nxd4 d5 9. exd6 Nxd4 10. Qxd4 Qxd6 11. Qe4+ Qe6 12. Qd4 Qd6 13. Qe4+ Qe6 14. Qd4 Qd6 15. Qe4+ Qe6 16. Z0 1/2-1/2

[Event "FIDE Womens GP Lausanne 2020"]
[Site "Lausanne"]
[Date "2020.03.11"]
[Round "9.6"]
[White "Ju, Wenjun"]
[Black "Dzagnidze, Nana"]
[Result "0-1"]
[WhiteElo "2583"]
[BlackElo "2515"]
[Annotator "TA"]
[PlyCount "164"]
[EventDate "2020.03.02"]
[EventType "tourn"]
[EventCountry "SUI"]
[SourceTitle "playchess.com"]
[Source "ChessBase"]
[SourceQuality "1"]

{[%evp 27,164,17,39,37,36,34,34,52,34,0,0,0,9,0,0,9,7,0,0,0,0,3,0,16,0,-18,-6,-39,0,-41,-51,-213,-220,-214,-212,-191,-106,-106,-71,-69,-69,-82,-54,-67,-47,-73,-63,-105,-104,-257,-259,-258,0,-100,0,-252,-228,-236,-226,-229,-225,-592,-579,-503,-456,-432,-423,-416,-409,-397,-375,-1365,-1458,-1224,-906,-1393,-1291,-706,-476,-474,-471,-449,-445,-1258,-1629,-835,-1507,-1464,-1636,-1421,-1493,-1081,-999,-768,-86,-89,-94,-29974,-29976,-29976,-29977,-29977,-29978,-29978,-29979,-29979,-29972,-29972,-29972,-29973,-29973,-29974,-29974,-29974,-29975,-29976,-29977,-29976,-29976,-29978,-29979,-29979,-29979,-29979,-29980,-29985,-29986,-29986,-29987,-29987,-29988,-29988,-29989,-29989,-29990,-29990,-29991,-29991,-29992]} 1. d4 Nf6 2. c4 e6 3. Nf3 d5 4. Nc3 c6 5. Bg5 Nbd7 6. cxd5 exd5 7. Qc2 Be7 8. e3 O-O 9. Bd3 Re8 10. h3 Nf8 11. Bf4 Ng6 12. Bg3 Bd6 13. Bxd6 Qxd6 14. O-O-O b5 15. g4 {D36: Queen's Gambit Declined: Exchange Variation: Main line (5 Bg5 c6 6 Qc2).} a5 16. g5 b4 17. Na4 $1 {White is slightly better.} ({Reject} 17. gxf6 Qxf6 18. Na4 Qxf3 $15) 17... Ne4 18. Rdg1 (18. Kb1 {feels hotter.} Bf5 19. Ka1 Rab8 20. b3 Nf8 21. Ne5) 18... Ba6 19. Bxa6 Rxa6 {[#]} 20. Kb1 $146 ({Predecessor:} 20. Ne1 c5 21. dxc5 Nxc5 22. Nxc5 Rc6 23. Ned3 Ne5 24. Kb1 Nxd3 25. Qxd3 Rxc5 26. Rc1 {½-½ (42) Lipiridi,A-Mularczyk,J (2442) ICCF corr 1988}) 20... Ra7 21. h4 Rc7 22. h5 Nf8 $1 23. Nh4 {aiming for f3.} Qe6 24. f3 Nd6 25. Re1 Nd7 26. Re2 c5 27. dxc5 Rec8 {[%cal Rd7c5]} 28. g6 Nxc5 29. gxh7+ $2 (29. Nb6 $1 $15 Nce4 30. Qd3) 29... Kh8 $19 30. Nxc5 Rxc5 31. Qd3 Qf6 ({Black should play} 31... Nc4 $19 32. Ree1 Qf6) 32. Qd4 $17 Qxd4 (32... Kxh7 $6 33. Qxf6 gxf6 34. Ng2 $11) 33. exd4 Rc4 34. Rd1 R4c7 35. Rg1 Kxh7 36. Reg2 f6 $1 37. Re2 a4 38. Re6 $2 (38. Ng6 $17) 38... Nc4 $19 {( -> ...Nd2+)} 39. Re2 Nd6 $2 (39... a3 $1 $19 40. b3 Nd6) 40. Re6 $17 Nc4 $2 (40... Rd8 $17) 41. Re2 $1 $19 a3 $1 42. bxa3 bxa3 ({But not} 42... Nxa3+ 43. Kb2) 43. Ng6 Nd6 $1 {[%cal Rd6f5] Strongly threatening ...Nf5.} 44. Nf4 $2 (44. Re7) 44... Nf5 45. Ne6 Rb8+ 46. Ka1 Re7 47. Rb1 Rbe8 48. Rbe1 Kh6 49. Nf4 $2 (49. Kb1) 49... Rxe2 50. Rxe2 Rxe2 51. Nxe2 Kxh5 {[%mdl 4096] Endgame KN-KN} 52. Kb1 Ne3 53. Kc1 g5 54. Kd2 Nc4+ $1 55. Kd3 (55. Ke1 $142 f5 56. Kf2) 55... Kh4 56. Nc3 Nb6 57. Nb5 Kg3 58. Ke2 f5 59. Nxa3 f4 60. Nc2 Na4 $2 (60... g4 $1 $19 {[%cal Rg4f3] has better winning chances.} 61. Ne1 gxf3+ 62. Nxf3 Na4) 61. a3 $17 Nc3+ 62. Kd3 $2 {[%mdl 8192]} (62. Kd2 $17 Kxf3 63. Ne1+ Ke4 64. Kxc3) 62... Kxf3 {Black mates.} 63. Kxc3 {KN-K3P} Ke2 $1 64. Nb4 {[#]} f3 $1 {[%cal Rf3f2]} 65. Nd3 g4 66. Nf4+ Ke1 67. Nd3+ {[#]} Kf1 $1 68. Ne5 g3 69. Nxf3 {KN-KPP} g2 70. Kb4 Kf2 71. Ng5 Kg3 72. Kc5 g1=Q 73. Kxd5 Qh1+ 74. Kd6 Kf4 75. Ne6+ Ke4 76. d5 Qh2+ 77. Kc6 Ke5 78. Nc7 Qc2+ 79. Kd7 Qa4+ 80. Ke7 Qxa3+ 81. Kd7 Qd6+ 82. Kc8 Qe7 {Accuracy: White = 66%, Black = 82%.} 0-1

[Event "FIDE Womens GP Lausanne 2020"]
[Site "Lausanne"]
[Date "2020.03.12"]
[Round "10.1"]
[White "Kashlinskaya, Alina"]
[Black "Dzagnidze, Nana"]
[Result "1/2-1/2"]
[WhiteElo "2484"]
[BlackElo "2515"]
[Annotator "TA"]
[PlyCount "86"]
[EventDate "2020.03.02"]
[EventType "tourn"]
[EventCountry "SUI"]
[SourceTitle "playchess.com"]
[Source "ChessBase"]
[SourceQuality "1"]

{[%evp 15,86,13,13,9,5,12,19,15,54,54,54,54,53,51,57,56,56,55,55,58,58,56,73,67,72,71,70,70,72,70,75,70,70,75,72,68,76,73,86,64,64,59,64,64,64,64,64,64,64,64,64,63,68,59,59,0,68,0,62,62,64,4,4,0,0,0,4,0,0,0,0,0,0]} 1. d4 d5 2. c4 e6 3. Nc3 c6 4. Nf3 dxc4 5. a4 Bb4 6. e4 b5 7. Be2 Bb7 8. O-O a6 9. Bd2 {D31: Queen's Gambit Declined: Semi-Slav without ...Nf6 (+ Marshall Gambit and Noteboom) and Exchange Variation lines without ...Nf6.} Ne7 10. b3 cxb3 11. Qxb3 {[#]} a5 $146 ({Predecessor:} 11... Ba5 12. axb5 axb5 13. Nxb5 Bxd2 14. Na3 Ba6 15. Bxa6 Nxa6 16. Nxd2 Qxd4 17. Nf3 Qb4 18. Qxb4 Nxb4 19. Nc2 Na6 20. Nb4 Nc7 21. Rxa8+ Nxa8 22. Ne5 O-O {½-½ (22) Andriuschenko,N (2417)-Evtushenko,S (2546) ICCF email 2016}) 12. axb5 O-O 13. b6 Nd7 14. Na4 c5 $1 15. dxc5 Nxc5 16. Nxc5 Bxc5 17. Bxa5 Nc6 18. Bc3 {Threatens to win with Rxa8.} Rxa1 19. Rxa1 Qxb6 20. Qxb6 Bxb6 21. Rb1 Ba5 {[#]} 22. Bxg7 $1 Kxg7 23. Rxb7 Rc8 24. g3 Rc7 25. Rb5 h6 26. Kg2 Bc3 27. Rb3 Bf6 28. Rd3 Ne5 29. Nxe5 Bxe5 $14 {[%mdl 4096] Endgame KRB-KRB} 30. f4 Bb2 31. e5 Ra7 32. h4 Bc1 33. Rc3 Ra2 34. Kf1 Ra1 35. Kg2 {And now Bh5 would win.} Ra2 $1 {[%cal Ra2e2]} 36. Kf1 Ra1 $1 37. Kf2 Bd2 38. Rc7 (38. Rc2 $14 Be1+ 39. Kg2) 38... Be1+ $11 {The position is equal.} 39. Kg2 Ra2 40. Kf3 Ra3+ 41. Kg2 Ra2 42. Kf3 Ra3+ 43. Kg2 Ra2 {Accuracy: White = 96%, Black = 96%.} 1/2-1/2

[Event "FIDE Womens GP Lausanne 2020"]
[Site "Lausanne"]
[Date "2020.03.12"]
[Round "10.2"]
[White "Goryachkina, Aleksandra"]
[Black "Ju, Wenjun"]
[Result "1-0"]
[WhiteElo "2579"]
[BlackElo "2583"]
[Annotator "TA"]
[PlyCount "72"]
[EventDate "2020.03.02"]
[EventType "tourn"]
[EventCountry "SUI"]
[SourceTitle "playchess.com"]
[Source "ChessBase"]
[SourceQuality "1"]

{[%evp 26,72,14,0,13,7,15,0,0,0,0,0,22,14,15,18,16,8,10,0,49,0,0,0,0,-6,17,10,36,7,7,0,56,49,52,49,39,39,66,54,63,70,39,36,29987,29988,29988,29989,29992]} 1. d4 Nf6 2. c4 e6 3. Nc3 d5 4. cxd5 Nxd5 5. e4 Nxc3 6. bxc3 c5 7. Nf3 cxd4 8. cxd4 Bb4+ 9. Bd2 Bxd2+ 10. Qxd2 O-O 11. Bc4 Nd7 12. O-O b6 13. Rad1 (13. a4 Bb7 14. Rfe1 Rc8 15. Bd3 a5 16. Qb2 Qe7 17. Nd2 Rfd8 18. Rab1 Bc6 19. Bc2 h6 20. Nf1 Qg5 21. Ne3 Ba8 22. f3 Rc7 23. Bd3 Rdc8 24. Ba6 Bb7 25. Bxb7 Rxb7 26. Qf2 Qd8 27. Red1 Nf6 28. d5 Rd7 {½-½ (85) Goryachkina,A (2578)-Ju,W (2584) Shanghai/Vladivostok 2020}) 13... Bb7 14. Rfe1 Rc8 {D41: Queen's Gambit Declined: Semi-Tarrasch with 5 cxd5.} 15. Bb3 Re8 16. h3 h6 {The position is equal.} 17. Re3 Nf6 18. Qe2 Rc7 19. d5 exd5 20. e5 Nh5 21. Rd4 g6 22. Qd2 {[#]} Qe7 $146 ({Predecessor:} 22... Ng7 23. Bxd5 Qa8 24. Red3 Nf5 25. Bxb7 Qxb7 26. Rd7 Rec8 27. e6 fxe6 28. Ne5 Rxd7 29. Rxd7 Rc7 30. Rd8+ Kh7 31. Nd7 Nh4 32. Rh8+ {1-0 (32) Illescas Cordoba,M (2624)-Comas Fabrego,L (2513) Merida 2005}) 23. Nh2 {[%mdl 1024] White has compensation.} Qc5 $1 24. Re1 Qc3 25. Qd1 Rec8 26. e6 Nf6 27. Ng4 Nxg4 28. Rxg4 Kg7 ({Black should play} 28... Kh7 $11) 29. exf7 $14 Rxf7 30. Re6 g5 31. Kh2 {[#] And now Rg3 would win.} Qc7+ ({Don't blunder} 31... Rxf2 $2 32. Rg3 $18) 32. Rg3 $1 {Strongly threatening Qh5.} Rcf8 33. Qd4+ Rf6 34. h4 Qc5 $2 {[%mdl 8192] [#]} (34... Qf4 $14 35. Qxf4 Rxf4) 35. Qe5 $1 {[%mdl 512]} d4 36. hxg5 Kh8 {Accuracy: White = 91%, Black = 73%.} 1-0

[Event "FIDE Womens GP Lausanne 2020"]
[Site "Lausanne"]
[Date "2020.03.12"]
[Round "10.3"]
[White "Kosteniuk, Alexandra"]
[Black "Sebag, Marie"]
[Result "1/2-1/2"]
[WhiteElo "2504"]
[BlackElo "2443"]
[Annotator "TA"]
[PlyCount "107"]
[EventDate "2020.03.02"]
[EventType "tourn"]
[EventCountry "SUI"]
[SourceTitle "playchess.com"]
[Source "ChessBase"]
[SourceQuality "1"]

{[%evp 9,107,22,22,10,21,19,26,22,31,14,22,20,21,18,25,19,19,23,13,5,18,0,23,14,13,11,12,0,0,0,4,0,0,0,0,0,0,0,0,0,0,0,0,0,0,0,7,0,0,0,0,0,17,0,0,0,0,0,0,0,8,0,2,0,3,0,0,0,0,-77,-77,-71,0,0,0,0,0,0,0,0,0,0,0,0,0,0,0,0,0,0,0,0,0,0,0,0,0,0,0,0]} 1. e4 c5 2. Nf3 d6 3. Bb5+ Nd7 4. Ba4 Ngf6 5. O-O a6 {...b5 is the strong threat.} 6. c4 {B51: Sicilian: Moscow Variation (3 Bb5+) without 3...Bd7.} g6 7. Nc3 Bg7 8. h3 {White has an edge.} O-O 9. d3 b6 10. Rb1 {[#]} e6 $146 ({Predecessor:} 10... Bb7 11. Bg5 h6 12. Be3 Qc7 13. Qd2 Kh7 14. b4 Rac8 15. Rfc1 e6 16. Ne2 Rfd8 {0-1 (53) Zherebukh,Y (2640)-So,W (2786) Saint Louis 2018}) 11. Re1 Bb7 12. b4 Qc7 13. Bd2 Rfd8 14. Qc1 Rac8 15. bxc5 bxc5 16. Bc2 Nb8 17. Bg5 Re8 18. Ne2 {Black must now prevent Qb2.} Nfd7 19. Bh6 {Threatens to win with Bxg7.} Bh8 20. Bf4 Nc6 21. Bxd6 Qxd6 22. Rxb7 Rb8 23. Rb3 Rxb3 24. axb3 Nde5 25. Nxe5 Bxe5 26. f4 Bd4+ 27. Kh1 Nb4 28. e5 Qd7 29. Bb1 Kg7 30. Rf1 a5 31. Qd1 Ra8 32. Ng3 {[%cal Be2g3,Bg3e4,Be4d6][%mdl 32]} h5 33. Ne4 a4 {Hoping for ...a3.} 34. bxa4 Rxa4 35. Nd6 Ra1 36. Qe2 Qc6 37. Kh2 Qa8 38. Rd1 Na2 39. Qe1 (39. Bxa2 $11 Rxa2 40. Qe4) 39... Nc3 $17 40. Rc1 {[#]} Qa3 ({Much worse is} 40... Nxb1 41. Rxb1 Rxb1 42. Qxb1 $11) ({Black should play} 40... Qd8 $1 $17) 41. Qh4 $11 {Qf6+ would kill now.The position is equal.} Qxc1 42. Qf6+ $1 {[%mdl 64] Double Attack} Kh7 43. Qxf7+ Kh8 44. Qf8+ Kh7 45. Qe7+ {[#]} Kg8 $1 46. Qxe6+ {[#]} Kg7 $1 47. Qd7+ {[#]} Kg8 $1 48. Qd8+ {[#]} Kh7 $1 49. Qd7+ {[#]} Kg8 $1 50. Qf7+ Kh8 51. Qf6+ Kh7 {( -> ...Bg1+)} 52. Qe7+ {[#]} Kg8 $1 53. Qd8+ {[#]} Kh7 $1 54. Qd7+ {Accuracy: White = 98%, Black = 98%.} 1/2-1/2

[Event "FIDE Womens GP Lausanne 2020"]
[Site "Lausanne"]
[Date "2020.03.12"]
[Round "10.4"]
[White "Abdumalik, Zhansaya"]
[Black "Cramling, Pia"]
[Result "1-0"]
[WhiteElo "2471"]
[BlackElo "2470"]
[Annotator "TA"]
[PlyCount "79"]
[EventDate "2020.03.02"]
[EventType "tourn"]
[EventCountry "SUI"]
[SourceTitle "playchess.com"]
[Source "ChessBase"]
[SourceQuality "1"]

{[%evp 12,78,27,14,50,58,55,44,51,44,38,39,52,37,43,27,36,26,40,32,37,20,64,66,75,50,45,43,89,90,74,80,115,103,94,29,36,-76,29,0,0,0,23,0,0,-29,-39,-55,-16,-25,-14,-18,0,0,0,0,116,78,78,43,39,35,35,12,12,18,209,208,29999]} 1. e4 c5 2. Nf3 a6 3. c4 e6 4. d4 cxd4 5. Nxd4 Nf6 6. Nc3 Qc7 7. Qd3 d6 {7...b6 gains popularity. B41: Sicilian: Kan Variation: 5 c4.} 8. Be2 Nbd7 9. O-O b6 {White is slightly better.} 10. b3 Bb7 11. f3 Rc8 12. Bb2 Be7 13. Kh1 O-O 14. Rac1 Qb8 15. Qe3 Rfe8 16. f4 {[#]} Bd8 $146 ({Predecessor:} 16... Bf8 17. Bf3 e5 18. Nf5 g6 19. fxe5 dxe5 20. Nh6+ Bxh6 21. Qxh6 Qd6 22. Rfd1 Qe6 {1-0 (31) Skulener,W (2282)-Wessendorf,T (2198) Germany 2015}) 17. Bf3 g6 18. a4 e5 19. fxe5 Rxe5 20. Qf4 Nc5 {White should prevent ...Nd3.} 21. Rcd1 Ncxe4 22. Nxe4 Bxe4 23. Rde1 (23. Bxe4 $16 Rxe4 24. Qf3) 23... Qb7 24. Bxe4 (24. Kg1 $14 {keeps the upper hand.}) 24... Rxe4 ({Better is} 24... Nxe4 $17 25. Nf3 Re6) 25. Qxd6 Be7 26. Qg3 {[#] Black must now prevent Nf5.} Rc5 27. Nf3 Rf5 28. Rxe4 (28. Qf2 {looks sharper.} b5 29. cxb5 axb5 30. a5 Qa8 31. Rxe4 Nxe4 32. Qe3) 28... Nxe4 29. Qe1 $1 Bf6 30. Bxf6 Rxf6 31. Qe3 Nc5 32. a5 Re6 33. Qd4 {Strongly threatening Ne5.} Qc7 (33... Nxb3 $11 34. Qd1 (34. Qd8+ Kg7 $11) 34... bxa5 35. Qd8+ Kg7) 34. b4 Ne4 35. axb6 Qxb6 36. c5 Qb5 37. Kg1 $36 {[%mdl 2048] White has good play.} a5 38. Ne5 axb4 $2 (38... Nf6 $11 {and Black has nothing to worry.}) 39. Nxf7 $18 {[%csl Gf7][%cal Rd4h8] [#]} Qxc5 $2 (39... Rf6 $18 40. Rxf6 Nxf6) 40. Nh6# {Accuracy: White = 73%, Black = 60%.} 1-0